Budeme dovážať aj včely?
Podiel priemyslu, poľnohospodárstva, lesníctva a rybolovu na celkovej úrovni HDP v stálych cenách 2005. Podiel slovenských poľnohospodárskych produktov v obchodnej sieti SR. Porovnanie dovozu a vývozu poľnohospodárskych a potravinárskych výrobkov SR v roku 2012. Priemerný evidenčný počet zamestnanco...
Saved in:
| Main Author: | |
|---|---|
| Format: | Book Chapter |
| Language: | Slovak |
| Subjects: | |
| Tags: |
No Tags, Be the first to tag this record!
|
MARC
| LEADER | 00000nla a2200000 4500 | ||
|---|---|---|---|
| 001 | 0179520 | ||
| 005 | 20240502073042.1 | ||
| 041 | 0 | |a slo | |
| 044 | |a SK | ||
| 245 | 1 | 0 | |a Budeme dovážať aj včely? |c Hana Poláčková |
| 520 | |a Podiel priemyslu, poľnohospodárstva, lesníctva a rybolovu na celkovej úrovni HDP v stálych cenách 2005. Podiel slovenských poľnohospodárskych produktov v obchodnej sieti SR. Porovnanie dovozu a vývozu poľnohospodárskych a potravinárskych výrobkov SR v roku 2012. Priemerný evidenčný počet zamestnancov v poľnohospodárstve. Dobytok a včely v histórii ľudstva. Vývoj včelárstva od roku 1982 do roku 2012 na Slovensku. | ||
| 610 | 2 | 0 | |a poľnohospodárstvo |
| 610 | 2 | 0 | |a výrobky domáce |
| 610 | 2 | 0 | |a siete obchodné |
| 610 | 2 | 0 | |a Slovensko |
| 610 | 2 | 0 | |a dovoz |
| 610 | 2 | 0 | |a vývoz |
| 610 | 2 | 0 | |a včelárstvo |
| 100 | 1 | |a Poláčková, Hana, 1968- | |